Situación de la pobreza en El Salvador

Guardado en:
Bibliografiske detaljer
Format: Texto
Fag:
Tags: Tilføj Tag
Ingen Tags, Vær først til at tagge denne postø!

MARC

LEADER 00000 a a2200000 04500
001 5884
003
040
245 |a Situación de la pobreza en El Salvador  
650 |a POBREZA  
650 |a INGRESO  
650 |a EMPLEO  
650 |a CANASTA BASICA  
650 |a DESPIDO  
650 |a OCUPACIONES  
773 |g volumen 15, número 635; páginas 6-8  
999 |c 28957  |d 28957